| 000 | 00407nam a2200145Ia 4500 | ||
|---|---|---|---|
| 008 | 230917s9999||||xx |||||||||||||| ||und|| | ||
| 040 |
_e149673 _aMAIN |
||
| 041 | _aEnglish | ||
| 082 | _a294.5927 V245P | ||
| 100 | _aValmiki-Ramayana | ||
| 245 | 0 | _aPada-index of valmiki-ramayana | |
| 260 |
_aBaroda _bMaharaja Sayajirao University of Baroda Oriental Institute _c1961 |
||
| 300 | _a174p. p. | ||
| 942 | _cBK | ||
| 999 |
_c192220 _d192220 |
||